<?xml version="1.0" encoding="UTF-8"?>
<marc:record xmlns:marc="http://www.loc.gov/MARC21/slim">
   <marc:leader>00000nam a2200000 a 4500</marc:leader>
   <marc:datafield ind1="1" ind2=" " tag="100">
      <marc:subfield code="a">Möller, Anne</marc:subfield>
      <marc:subfield code="4">aut</marc:subfield>
      <marc:subfield code="e">Verfasser/-in</marc:subfield>
   </marc:datafield>
   <marc:datafield ind1="0" ind2="0" tag="245">
      <marc:subfield code="a">Über Land und durch die Luft</marc:subfield>
   </marc:datafield>
   <marc:datafield ind1="0" ind2="0" tag="245">
      <marc:subfield code="b">So reisen die Pflanzen</marc:subfield>
   </marc:datafield>
   <marc:datafield ind1=" " ind2="1" tag="264">
      <marc:subfield code="b">Atlantis</marc:subfield>
      <marc:subfield code="c">2001</marc:subfield>
   </marc:datafield>
   <marc:datafield ind1="1" ind2=" " tag="520">
      <marc:subfield code="a">Wenn wir Menschen reisen wollen, dann haben wir die Eisenbahn, das Auto oder sogar Flugzeuge. Oder unsere eigenen Füße.
Pflanzen haben das alles nicht. Und trotzdem treffen wir sie an den unmöglichsten Orten. Zum Beispiel im Sandkasten. Oder im Rinnstein. Wie sind sie eigentlich dahin gekommen?
Pflanzen reisen auch. Über Land und durch die Luft. Aber Pflanzen reisen nicht selber, sie schicken ihre Samen auf Reisen. Manche Samen nutzen den Wind, um fortzufliegen. Andere reisen mit Tieren, von denen sie gefressen werden. Und dort wo die Samen liegenbleiben, können neue Pflanzen wachsen. Zum Beispiel im Sandkasten. Oder im Rinnstein.</marc:subfield>
   </marc:datafield>
   <marc:datafield ind1="3" ind2=" " tag="024">
      <marc:subfield code="a">3715204397</marc:subfield>
   </marc:datafield>
</marc:record>
